00742nam a22001457a 4500082002100000100002400021245010000045260005100145300002300196563000700219650007100226880005300297880015600350880009000506 a891.4390911bQAS aQasim, Ghafoor Shah aPakistani Adab ke Mimar: Mustansar Hussain Tarar — Shakhsiyat aur Fun / cGhafoor Shah Qasim. aIslamabad: bAcademy Adabiat Pakistan, c2018. a240 pages; c21 cm aPB aTarar, Mustansar Hussain, 1939– — Criticism and interpretation 6100-01\(3\raڈاکٹر غفور شاہ قاسم 6245-02\(3\raپاکستانی ادب کے معمار: مستنصر حسین تارڑ — شخصیت اور فن / bڈاکٹر غفور شاہ قاسم a260-03\(3\rbاسلام آباد:cاکادمی ادبیات پاکستان,62018.